[Event "La Plata Maderna Memorial"]
[Site "La Plata"]
[Date "2016.06.23"]
[Round "4.7"]
[White "Veliz, Ariel"]
[Black "Boassi, Leandro"]
[Result "1-0"]
[WhiteElo "1696"]
[BlackElo "1857"]
[PlyCount "42"]
[EventDate "2016.06.14"]
[EventType "swiss"]
[EventRounds "7"]
[EventCountry "ARG"]
[SourceTitle "EXT 2024"]
[Source "ChessBase"]
[SourceDate "2023.10.10"]
[SourceVersion "1"]
[SourceVersionDate "2023.10.10"]
[SourceQuality "1"]

1. Nf3 Nf6 2. e3 g6 3. b3 Bg7 4. Bb2 0-0 5. Be2 d6 6. d4 c5 7. 0-0 Qc7 8. c4 Nbd7 9. Qc2 b6 10. Rd1 cxd4 11. Nxd4 a6 12. Bf3 Bb7 13. Bxb7 Qxb7 14. Nf3 Rac8 15. Qe2 Rc7 16. Nc3 Rfc8 17. Nd5 Nxd5 18. Rxd5 Bxb2 19. Qxb2 b5 20. Rd2 bxc4 21. bxc4 Rxc4 1-0

[Event "La Plata Maderna Memorial"]
[Site "La Plata"]
[Date "2016.06.21"]
[Round "3.3"]
[White "Boassi, Leandro"]
[Black "Ryhr, Gustavo"]
[Result "0-1"]
[WhiteElo "1857"]
[BlackElo "1848"]
[PlyCount "62"]
[EventDate "2016.06.14"]
[EventType "swiss"]
[EventRounds "7"]
[EventCountry "ARG"]
[SourceTitle "EXT 2024"]
[Source "ChessBase"]
[SourceDate "2023.10.10"]
[SourceVersion "1"]
[SourceVersionDate "2023.10.10"]
[SourceQuality "1"]

1. e4 d6 2. d4 g6 3. Nc3 Bg7 4. f4 a6 5. Nf3 b5 6. Bd3 Nd7 7. a4 b4 8. Ne2 Bb7 9. 0-0 c5 10. c3 cxd4 11. cxd4 Qb6 12. a5 Qa7 13. Qa4 Rc8 14. Be3 Ngf6 15. e5 Ng4 16. Bd2 dxe5 17. fxe5 Bxf3 18. e6 Bxd4+ 19. Kh1 Bc6 20. exd7+ Qxd7 21. Qxb4 Nf2+ 22. Rxf2 Bxf2 23. Bxa6 Rd8 24. Rd1 0-0 25. Nc3 Qh3 26. Ne4 Qf5 27. Ng3 Qh3 28. Ne4 Rd4 29. Qxe7 Rxe4 30. Qg5 Rg4 31. Qxg4 Qxg4 0-1